[Event "Macieja Memorial"]
[Site "Warsaw POL"]
[Date "2022.07.08"]
[Round "10.9"]
[White "Jarmula, Lukasz"]
[Black "Pakleza, Zbigniew"]
[Result "0-1"]
[WhiteElo "2246"]
[BlackElo "2467"]
[EventDate "????.??.??"]
[PlyCount "136"]

1.d4 d6 2.e4 Nf6 3.Nc3 c6 4.f4 Qb6 5.Nf3 Bg4 6.h3 Bxf3 7.Qxf3 e6 8.e5 Nd5 
9.Nxd5 cxd5 10.c3 Nc6 11.Bd3 g6 12.Qe2 O-O-O 13.Be3 Kb8 14.O-O Be7 15.b4 Rc8 
16.a4 Qd8 17.a5 f6 18.exf6 Bxf6 19.Bf2 Qd7 20.Rfe1 Rhe8 21.b5 Nd8 22.Qb2 Nf7 
23.Qb4 Nh6 24.c4 dxc4 25.Bxc4 d5 26.Bb3 Nf5 27.b6 a6 28.Ba4 Qe7 29.Qb2 Rf8 
30.Bc2 Nd6 31.Bd3 Bg7 32.Qe2 Rfe8 33.Kh1 Nc4 34.Bg1 Qf6 35.Bxc4 Rxc4 36.Rac1 
Rxc1 37.Rxc1 Bf8 38.Bh2 Bd6 39.Qe3 Rc8 40.Rxc8+ Kxc8 41.g4 Kd7 42.Kg2 Qh8 
43.Bg3 Qc8 44.Kf3 Qc2 45.Qe2 Qc3+ 46.Qe3 Qxa5 47.f5 exf5 48.Bxd6 fxg4+ 49.Kxg4 
Kxd6 50.Qe5+ Kc6 51.Qc7+ Kb5 52.Qc5+ Ka4 53.Qc7 Qe1 54.Qxb7 Qe4+ 55.Kg5 Ka5 
56.Qc7 Qe3+ 57.Kg4 Qxd4+ 58.Kf3 Qxb6 59.Qc3+ Qb4 60.Qc7+ Kb5 61.Qd7+ Kc4 
62.Qc6+ Qc5 63.Qxa6+ Qb5 64.Qe6 Kc3 65.Qe5+ Kb4 66.Kf4 Qc4+ 67.Kg5 d4 68.Qd6+ 
Qc5+ 0-1

[Event "Macieja Memorial"]
[Site "Warsaw POL"]
[Date "2022.07.08"]
[Round "10.10"]
[White "Brodowski, Piotr"]
[Black "Karolczuk, Iwo"]
[Result "0-1"]
[WhiteElo "2431"]
[BlackElo "2281"]
[EventDate "????.??.??"]
[PlyCount "88"]

1.c4 e5 2.Nc3 Nc6 3.Nf3 Nf6 4.e4 Bb4 5.d3 d6 6.a3 Bxc3+ 7.bxc3 h6 8.h3 Be6 9.g3 
O-O 10.Bg2 Qd7 11.Be3 Ne7 12.Qd2 Ng6 13.g4 Nh7 14.O-O c6 15.Kh2 d5 16.exd5 cxd5 
17.d4 e4 18.Ne5 Qc7 19.Bf4 Nxf4 20.Qxf4 Nf6 21.c5 Nd7 22.Ng6 Qxf4+ 23.Nxf4 b6 
24.f3 exf3 25.Bxf3 bxc5 26.Nxd5 Bxd5 27.Bxd5 Rad8 28.dxc5 Nxc5 29.c4 g6 30.Rae1 
Rd7 31.Rf6 Kg7 32.Rc6 Nd3 33.Rf1 Ne5 34.Rc5 Nd3 35.Ra5 Rc7 36.Kg3 Ne5 37.Rf4 f5 
38.gxf5 gxf5 39.Be6 Nd3 40.Rfxf5 Re8 41.Bd5 Re3+ 42.Kg4 Rce7 43.Ra6 Ne5+ 44.Kh5 
Rxh3# 0-1

[Event "Macieja Memorial"]
[Site "Warsaw POL"]
[Date "2022.07.08"]
[Round "10.11"]
[White "Mikrut, Dariusz"]
[Black "Danielyan, Vahe"]
[Result "0-1"]
[WhiteElo "2266"]
[BlackElo "2419"]
[EventDate "????.??.??"]
[PlyCount "127"]

1.d4 d5 2.c4 dxc4 3.e3 Nf6 4.Bxc4 e6 5.Nf3 a6 6.Bb3 Nbd7 7.O-O c5 8.a4 Qc7 
9.Qe2 b6 10.Nc3 Bb7 11.h3 Bd6 12.Rd1 O-O 13.d5 exd5 14.Nxd5 Nxd5 15.Bxd5 Bxd5 
16.Rxd5 Nf6 17.Rd1 Rfe8 18.b3 Rad8 19.Bb2 a5 20.Bxf6 gxf6 21.Rac1 Kh8 22.Rc4 
Be7 23.Rxd8 Rxd8 24.Rc2 Qc6 25.Rd2 Rc8 26.Qc4 Qe6 27.Kf1 Kg8 28.Rd3 f5 29.Qxe6 
fxe6 30.Nd2 Rb8 31.Nc4 Kf8 32.Ne5 Ke8 33.Nc4 h5 34.g3 b5 35.Nxa5 c4 36.bxc4 
bxa4 37.Nc6 Rb3 38.Rd2 a3 39.Nxe7 Kxe7 40.Kg2 Rb4 41.Ra2 Ra4 42.Kf3 Kd6 43.Ke2 
Kc5 44.Kd3 Kb4 45.Kc2 Kxc4 46.Ra1 a2 47.f3 Ra3 48.g4 fxg4 49.fxg4 h4 50.Kb2 
Rxe3 51.Kxa2 Rxh3 52.Re1 Kd5 53.Rg1 Rg3 54.Rd1+ Ke5 55.Re1+ Kf6 56.Rf1+ Ke7 
57.Rf4 h3 58.g5 Rxg5 59.Rh4 Rg3 60.Kb2 Kd6 61.Rh5 e5 62.Kc2 Kd5 63.Kd2 Ra3 
64.Ke2 0-1

[Event "Macieja Memorial"]
[Site "Warsaw POL"]
[Date "2022.07.08"]
[Round "10.12"]
[White "Warakomski, Tomasz"]
[Black "Szustakowski, Antoni"]
[Result "1-0"]
[WhiteElo "2397"]
[BlackElo "2173"]
[EventDate "????.??.??"]
[PlyCount "89"]

1.e4 c5 2.Nf3 e6 3.d4 cxd4 4.Nxd4 a6 5.c4 Qc7 6.Nc3 b6 7.Bd3 Bb7 8.O-O d6 9.Re1 
Nf6 10.Nd5 Bxd5 11.exd5 e5 12.Qa4+ Nbd7 13.b4 g6 14.f4 Bg7 15.Nb5 axb5 16.Qxa8+ 
Ke7 17.Qc6 Qxc6 18.dxc6 bxc4 19.Bxc4 Rc8 20.Bb5 Nb8 21.fxe5 dxe5 22.Bb2 Nxc6 
23.Rac1 Na7 24.Rxc8 Nxc8 25.Bxe5 Kf8 26.a4 Na7 27.Bd6+ Kg8 28.Bc4 Nc6 29.b5 Na5 
30.Ba2 h5 31.h3 Bf8 32.Bxf8 Kxf8 33.Rc1 Ne8 34.Bd5 Ke7 35.Re1+ Kf8 36.h4 Nd6 
37.Kf2 Nf5 38.g3 Ne7 39.Ba2 Nb7 40.Rc1 Nc5 41.Rxc5 bxc5 42.a5 Nc8 43.b6 Nd6 
44.a6 c4 45.b7 1-0

[Event "Macieja Memorial"]
[Site "Warsaw POL"]
[Date "2022.07.08"]
[Round "10.13"]
[White "Pacan-milej, Kosma"]
[Black "Kanarek, Marcel"]
[Result "1-0"]
[WhiteElo "2183"]
[BlackElo "2394"]
[EventDate "????.??.??"]
[PlyCount "27"]

1.d4 Nf6 2.c4 g6 3.Nc3 Bg7 4.e4 d6 5.h3 O-O 6.Be3 e5 7.d5 Na6 8.g4 c6 9.f3 cxd5 
10.cxd5 Bd7 11.Qd2 Rc8 12.Nge2 Qa5 13.Ng3 Nc5 14.Rb1 1-0

[Event "Macieja Memorial"]
[Site "Warsaw POL"]
[Date "2022.07.08"]
[Round "10.14"]
[White "Mickiewicz, Piotr"]
[Black "Gdanski, Jacek"]
[Result "1-0"]
[WhiteElo "2209"]
[BlackElo "2385"]
[EventDate "????.??.??"]
[PlyCount "77"]

1.e4 e6 2.d3 d5 3.Nd2 c5 4.Ngf3 Nc6 5.g3 Nge7 6.Bg2 g6 7.h4 h6 8.c3 Bg7 9.Qe2 
a5 10.a4 b6 11.O-O Ba6 12.e5 g5 13.hxg5 hxg5 14.Re1 Ng6 15.c4 g4 16.Nh2 Nd4 
17.Qd1 dxc4 18.Nxc4 Bxc4 19.dxc4 Nxe5 20.Nxg4 Nxc4 21.Be3 Ra7 22.Rc1 Nxe3 
23.fxe3 Nf5 24.Bc6+ Ke7 25.Qb3 Qc7 26.Bg2 Nxg3 27.e4 Bd4+ 28.Nf2 Nh5 29.e5 Nf4 
30.Qf3 Nxg2 31.Qxg2 Raa8 32.Qg5+ Kd7 33.Kf1 Rag8 34.Qf4 Ke8 35.Ne4 Rh1+ 36.Ke2 
Rxe1+ 37.Rxe1 Qd7 38.Nf6+ Ke7 39.Nxd7 1-0

[Event "Macieja Memorial"]
[Site "Warsaw POL"]
[Date "2022.07.08"]
[Round "10.15"]
[White "Krasenkow, Michal"]
[Black "Sarkar, Justin"]
[Result "0-1"]
[WhiteElo "2369"]
[BlackElo "2006"]
[EventDate "????.??.??"]
[PlyCount "98"]

1.e4 e5 2.Nf3 Nc6 3.Bb5 a6 4.Ba4 Nf6 5.d4 exd4 6.O-O Be7 7.Re1 b5 8.Bb3 d6 
9.Bd5 Nxd5 10.exd5 Ne5 11.Nxd4 O-O 12.a4 Bd7 13.f4 Ng6 14.Nc6 Bxc6 15.dxc6 Bf6 
16.Nc3 Ne7 17.Nd5 Nxd5 18.Qxd5 Re8 19.Bd2 Bxb2 20.Rab1 Bf6 21.axb5 axb5 22.Qxb5 
Rxe1+ 23.Bxe1 Bd4+ 24.Kh1 g6 25.Qd5 Qf6 26.Bd2 Ra1 27.Rxa1 Bxa1 28.h3 Bd4 
29.Qe4 Bb6 30.Kh2 Qe6 31.Qd3 d5 32.Qc3 d4 33.Qf3 f5 34.Bb4 Kf7 35.h4 Qc4 36.Qb3 
Qxb3 37.cxb3 d3 38.Kg3 Ke6 39.Kf3 Kd5 40.Bd2 Kxc6 41.g4 Kd5 42.gxf5 gxf5 43.h5 
c5 44.h6 c4 45.bxc4+ Kxc4 46.Kg3 Bd8 47.Kf3 Bf6 48.Ke3 Bd4+ 49.Kf3 Kb3 0-1

[Event "Macieja Memorial"]
[Site "Warsaw POL"]
[Date "2022.07.08"]
[Round "10.16"]
[White "Olszewski, Michal"]
[Black "Wasilewski, Bartlomiej"]
[Result "1-0"]
[WhiteElo "2344"]
[BlackElo "2063"]
[EventDate "????.??.??"]
[PlyCount "57"]

1.Nf3 d6 2.e4 Nf6 3.Nc3 e5 4.d4 exd4 5.Nxd4 Be7 6.g3 O-O 7.Bg2 Nbd7 8.O-O Re8 
9.h3 a5 10.a4 Nc5 11.Re1 c6 12.g4 Bf8 13.g5 Nfd7 14.f4 f6 15.h4 fxg5 16.hxg5 g6 
17.Be3 Bg7 18.Qd2 Qc7 19.Rad1 Nf8 20.Nde2 d5 21.exd5 Bg4 22.Bxc5 Nd7 23.d6 Qd8 
24.Bd4 Re6 25.Bxg7 Kxg7 26.Nd4 Rxd6 27.Nf5+ Bxf5 28.Qxd6 Qf8 29.Re7+ 1-0

[Event "Macieja Memorial"]
[Site "Warsaw POL"]
[Date "2022.07.08"]
[Round "10.17"]
[White "Sadzikowski, Daniel"]
[Black "Jarocka, Liwia"]
[Result "1-0"]
[WhiteElo "2297"]
[BlackElo "1840"]
[EventDate "????.??.??"]
[PlyCount "31"]

1.e4 c5 2.Nf3 Nc6 3.d4 cxd4 4.Nxd4 Nf6 5.Nc3 d6 6.Bg5 e6 7.Qd2 a6 8.Nxc6 bxc6 
9.O-O-O Be7 10.Bxf6 gxf6 11.Bc4 d5 12.exd5 cxd5 13.Nxd5 O-O 14.Qh6 Qe8 15.Rd3 
exd5 16.Rg3+ 1-0

[Event "Macieja Memorial"]
[Site "Warsaw POL"]
[Date "2022.07.08"]
[Round "10.18"]
[White "Shilov, Sergej"]
[Black "Socko, Monika"]
[Result "0-1"]
[WhiteElo "2082"]
[BlackElo "2286"]
[EventDate "????.??.??"]
[PlyCount "62"]

1.e4 c6 2.d4 d5 3.exd5 cxd5 4.c4 Nf6 5.Nc3 e6 6.Nf3 Be7 7.cxd5 Nxd5 8.Bd3 Nc6 
9.O-O O-O 10.Re1 Bf6 11.Bc2 Ndb4 12.Bb3 Nxd4 13.Nxd4 Qxd4 14.Qf3 Nd3 15.Rd1 Ne5 
16.Qe2 Qg4 17.f3 Qh5 18.Ne4 Ng6 19.Nxf6+ gxf6 20.Be3 b6 21.Rac1 Qe5 22.Qf2 Kg7 
23.Re1 Qh5 24.Rc7 Ba6 25.Bxe6 Rae8 26.Bg4 Qb5 27.Qd2 Rd8 28.Bh6+ Kg8 29.Qc3 
Rfe8 30.Rxe8+ Rxe8 31.Bd7 Qf1# 0-1

[Event "Macieja Memorial"]
[Site "Warsaw POL"]
[Date "2022.07.08"]
[Round "10.19"]
[White "Smieszek, Wojciech"]
[Black "Baum, Jonasz"]
[Result "0-1"]
[WhiteElo "2034"]
[BlackElo "2240"]
[EventDate "????.??.??"]
[PlyCount "48"]

1.e4 c5 2.Nf3 Nc6 3.d4 cxd4 4.Nxd4 e5 5.Nb5 a6 6.Nd6+ Bxd6 7.Qxd6 Qf6 8.Qd1 Qg6 
9.Nc3 d5 10.Nxd5 Qxe4+ 11.Ne3 Nf6 12.Bd3 Qh4 13.g3 Qh3 14.Bf1 Qd7 15.Qxd7+ Bxd7 
16.c3 e4 17.Bg2 Ne5 18.O-O O-O 19.Nc2 Nf3+ 20.Kh1 Bb5 21.Rd1 Be2 22.Rd6 Rad8 
23.Rxd8 Rxd8 24.Bg5 Nxg5 0-1

[Event "Macieja Memorial"]
[Site "Warsaw POL"]
[Date "2022.07.08"]
[Round "10.20"]
[White "Sriram, Jha"]
[Black "Pires, Emanuel Joao Robarts"]
[Result "1-0"]
[WhiteElo "2239"]
[BlackElo "2037"]
[EventDate "????.??.??"]
[PlyCount "163"]

1.d4 d5 2.Nf3 Nc6 3.Bf4 Nf6 4.e3 Bg4 5.h3 Bh5 6.Bb5 e6 7.g4 Bg6 8.Ne5 Nd7 
9.Nxg6 hxg6 10.Nd2 Bd6 11.Qf3 g5 12.Bxd6 cxd6 13.c3 a6 14.Bd3 Nf6 15.O-O Qe7 
16.c4 dxc4 17.Nxc4 Rd8 18.Rac1 Nb4 19.Bb1 Nbd5 20.Nd2 g6 21.Ne4 Nxe4 22.Bxe4 
Nf6 23.Bxb7 Kf8 24.Bxa6 Kg7 25.Kg2 Rh4 26.Rc8 Rxc8 27.Bxc8 Qc7 28.Qb7 Qxb7+ 
29.Bxb7 Rh8 30.Rc1 Rb8 31.Rc7 d5 32.b3 Ne8 33.Rc8 Rxb7 34.Rxe8 Ra7 35.b4 Rxa2 
36.b5 Rb2 37.Rb8 Kf6 38.b6 Kg7 39.Kf1 Kf6 40.b7 Ke7 41.Ke1 Kf6 42.Kd1 Ke7 
43.Kc1 Rb6 44.Kc2 Kf6 45.f3 Kg7 46.Kc3 Rb1 47.e4 Rb6 48.exd5 exd5 49.Rd8 Rxb7 
50.Rxd5 Re7 51.Kd3 Re1 52.Rxg5 Rh1 53.Re5 Rxh3 54.Re3 Kf6 55.d5 Rh1 56.Ke4 Rd1 
57.Ra3 Re1+ 58.Kd4 Rf1 59.Ra6+ Kg5 60.Ra3 Kf6 61.Rd3 Ke7 62.Ke5 f6+ 63.Kf4 Kd6 
64.g5 f5 65.Ra3 Kxd5 66.Ra6 Rb1 67.Rxg6 Rb3 68.Rf6 Rb4+ 69.Kg3 Ke5 70.Rf8 Rb1 
71.Re8+ Kd6 72.Kf4 Rb3 73.g6 Rb1 74.g7 Rb4+ 75.Kxf5 Kd7 76.g8=Q Rb5+ 77.Re5 Rb6 
78.Qe8+ Kc7 79.Qe7+ Kb8 80.Qd8+ Ka7 81.Qc7+ Ka6 82.Qxb6+ 1-0

[Event "Macieja Memorial"]
[Site "Warsaw POL"]
[Date "2022.07.08"]
[Round "10.21"]
[White "Nurkiewicz, Maciej"]
[Black "Ratajczak, Hubert"]
[Result "1-0"]
[WhiteElo "2171"]
[BlackElo "1806"]
[EventDate "????.??.??"]
[PlyCount "115"]

1.e4 c5 2.Nf3 d6 3.d4 cxd4 4.Nxd4 Nf6 5.Nc3 g6 6.Be3 Bg7 7.f3 O-O 8.Qd2 Nc6 
9.O-O-O d5 10.Kb1 e5 11.Nxc6 bxc6 12.exd5 Nxd5 13.Nxd5 cxd5 14.Qxd5 Qc7 15.Qxa8 
Bf5 16.Qxf8+ Bxf8 17.Bd3 Be6 18.Be4 f5 19.Bd5 Kf7 20.Bxe6+ Kxe6 21.Rd3 a5 22.a3 
Be7 23.h3 Qc6 24.Rhd1 a4 25.Rc3 Qb5 26.Ka2 g5 27.Re1 Qd5+ 28.Ka1 Bf6 29.Rc5 Qb7 
30.Bd4 e4 31.Bxf6 Kxf6 32.fxe4 fxe4 33.g4 Qe7 34.Rf5+ Kg6 35.c4 e3 36.Rf3 e2 
37.Rf2 Qe4 38.Rfxe2 Qxc4 39.Re4 Qb3 40.Rb4 Qc2 41.Re6+ Kf7 42.Rd6 Ke7 43.Rdd4 
Qc1+ 44.Ka2 Qh1 45.Rxa4 Qxh3 46.Rdb4 Qf3 47.Rd4 h5 48.gxh5 Qxh5 49.Rac4 Qf3 
50.a4 Qb7 51.Ka3 Ke6 52.a5 Qb5 53.b4 Ke5 54.Rc5+ Qxc5 55.bxc5 Kxd4 56.a6 g4 
57.a7 g3 58.a8=Q 1-0

[Event "Macieja Memorial"]
[Site "Warsaw POL"]
[Date "2022.07.08"]
[Round "10.22"]
[White "Jedrusik, Adam"]
[Black "Chylewski, Patryk"]
[Result "1/2-1/2"]
[WhiteElo "1854"]
[BlackElo "2131"]
[EventDate "????.??.??"]
[PlyCount "128"]

1.d4 Nf6 2.Bg5 e6 3.Nd2 h6 4.Bh4 d5 5.e3 Be7 6.Bd3 O-O 7.f4 b6 8.Bxf6 Bxf6 
9.Qe2 Bb7 10.Ngf3 c5 11.c3 Nd7 12.Ne5 Nxe5 13.fxe5 Be7 14.O-O f5 15.exf6 Bxf6 
16.Qg4 Qe8 17.Nf3 Bc8 18.Ne5 Bxe5 19.dxe5 Bd7 20.Rxf8+ Kxf8 21.Rf1+ Kg8 22.Bg6 
Qd8 23.Bf7+ Kh8 24.Bxe6 Bxe6 25.Qxe6 Qe8 26.Qxd5 Rd8 27.Qe4 Qe6 28.b3 Kg8 
29.Qf5 Qd5 30.e6 Qxf5 31.Rxf5 Re8 32.Re5 Kf8 33.Kf2 Ke7 34.Kf3 Rd8 35.Ke2 Kf6 
36.Re4 Kf5 37.Ra4 a5 38.b4 axb4 39.cxb4 Kxe6 40.bxc5 bxc5 41.Ra6+ Kd5 42.Ra7 g5 
43.Rh7 Rd6 44.Kd3 Ra6 45.Rd7+ Ke6 46.Rc7 Rxa2 47.Rxc5 Rxg2 48.Rc6+ Ke5 49.Rxh6 
Ra2 50.Rh8 Ra3+ 51.Ke2 g4 52.Kf2 Kf5 53.Rf8+ Kg5 54.Re8 Kf5 55.Kg3 Rb3 56.Rf8+ 
Kg5 57.Re8 Kf5 58.Kf2 Rb2+ 59.Kg3 Rb3 60.Rf8+ Kg5 61.Rg8+ Kf5 62.Rf8+ Kg5 
63.Re8 Kf5 64.Rf8+ Ke5 1/2-1/2

[Event "Macieja Memorial"]
[Site "Warsaw POL"]
[Date "2022.07.08"]
[Round "10.23"]
[White "Pedzich, Dominik"]
[Black "Mirski, Michal"]
[Result "0-1"]
[WhiteElo "2350"]
[BlackElo "1798"]
[EventDate "????.??.??"]
[PlyCount "59"]

1.e4 c5 2.Nf3 Nc6 3.Bb5 g6 4.O-O Bg7 5.c3 d5 6.e5 Bg4 7.d4 e6 8.Bxc6+ bxc6 
9.Nbd2 Ne7 10.h3 Bxf3 11.Nxf3 cxd4 12.cxd4 O-O 13.Bg5 Qd7 14.Qa4 Nf5 15.Rac1 
Rfc8 16.Rc2 Rab8 17.Rfc1 Rb6 18.b4 h6 19.Bf6 Bf8 20.a3 Qb7 21.g4 Ng7 22.Bxg7 
Bxg7 23.Kg2 g5 24.Rc5 Ra6 25.Qb3 Bf8 26.R5c3 Qb5 27.Qc2 Rb6 28.Qd2 a5 29.bxa5 
Qxa5 30.Qd3 0-1

[Event "Macieja Memorial"]
[Site "Warsaw POL"]
[Date "2022.07.08"]
[Round "10.24"]
[White "Dylag, Emilia"]
[Black "Nguyen, Piotr"]
[Result "1-0"]
[WhiteElo "1930"]
[BlackElo "2300"]
[EventDate "????.??.??"]
[PlyCount "83"]

1.d4 g6 2.c4 Bg7 3.Nf3 c5 4.d5 d6 5.g3 b5 6.cxb5 a6 7.bxa6 Nf6 8.Bg2 O-O 9.O-O 
Bf5 10.a7 Rxa7 11.Nc3 Na6 12.a4 Nc7 13.Nd2 Qa8 14.e4 Bc8 15.Re1 Ba6 16.Ra3 Rb8 
17.Qc2 Nd7 18.f4 c4 19.e5 Nc5 20.exd6 exd6 21.Nce4 Nd3 22.Rf1 Nxc1 23.Rxc1 Rxb2 
24.Qd1 Nxd5 25.Nxd6 Qf8 26.N6xc4 Nb4 27.Nxb2 Bxb2 28.Raa1 Bxa1 29.Rxa1 Qc5+ 
30.Kh1 Nd3 31.Ne4 Qd4 32.Qg1 Rd7 33.Qxd4 Rxd4 34.Kg1 Rb4 35.Nf6+ Kg7 36.Nd5 Rb2 
37.a5 h5 38.Nc7 Nb4 39.Nxa6 Nxa6 40.Bf1 Nc7 41.a6 Nb5 42.Bxb5 1-0

[Event "Macieja Memorial"]
[Site "Warsaw POL"]
[Date "2022.07.08"]
[Round "10.25"]
[White "Paprocki, Jaroslaw"]
[Black "Grabarczyk, Miroslaw"]
[Result "0-1"]
[WhiteElo "1909"]
[BlackElo "2221"]
[EventDate "????.??.??"]
[PlyCount "104"]

1.b3 d5 2.Bb2 Nf6 3.e3 e6 4.f4 Be7 5.Nf3 O-O 6.g3 c5 7.Bg2 Nc6 8.O-O b6 9.Ne5 
Bb7 10.d3 Nxe5 11.Bxe5 Nd7 12.Bb2 Bf6 13.Bxf6 Qxf6 14.Nd2 e5 15.fxe5 Qxe5 16.e4 
Nf6 17.exd5 Bxd5 18.Bxd5 Nxd5 19.Nc4 Qd4+ 20.Rf2 Rae8 21.Rc1 Nc3 22.Qf1 Ne2+ 
23.Kg2 Qd5+ 24.Kh3 Nxc1 25.Qxc1 Re6 26.g4 b5 27.Nd2 Qg5 28.Qd1 Qe3+ 29.Rf3 Qe2 
30.Qxe2 Rxe2 31.Ne4 Rxc2 32.a4 bxa4 33.bxa4 h6 34.Rf5 Rd8 35.Nxc5 Rd4 36.Re5 
Kh7 37.Kg3 f6 38.Rf5 Rb4 39.a5 Rb5 40.d4 Rxa5 41.h4 Ra3+ 42.Kf4 Rf2+ 43.Ke4 
Rxf5 44.gxf5 Kg8 45.d5 Kf7 46.d6 Ke8 47.Kd4 Ra1 48.h5 Rd1+ 49.Ke4 Rxd6 50.Nb7 
Rd1 51.Na5 Kd7 52.Ke3 Rc1 0-1

[Event "Macieja Memorial"]
[Site "Warsaw POL"]
[Date "2022.07.08"]
[Round "10.26"]
[White "Chomczyk, Marek"]
[Black "Rudnicka, Ewa"]
[Result "1-0"]
[WhiteElo "2172"]
[BlackElo "1937"]
[EventDate "????.??.??"]
[PlyCount "61"]

1.e4 c5 2.Nc3 Nc6 3.Bb5 g6 4.Bxc6 dxc6 5.f4 Bg7 6.Nf3 Nf6 7.d3 h5 8.O-O O-O 
9.Qe1 Nd7 10.Qg3 e6 11.Be3 b5 12.Rad1 Qe7 13.Kh1 a5 14.d4 cxd4 15.Bxd4 Bb7 
16.f5 c5 17.Bxg7 Kxg7 18.Rxd7 Qxd7 19.f6+ Kh7 20.Ng5+ Kg8 21.Qe3 b4 22.Ne2 Ba6 
23.Nf3 Kh7 24.Ng5+ Kg8 25.Nf3 Kh7 26.Ne5 Qc7 27.Qg5 Bxe2 28.Re1 Bb5 29.Ng4 Qd8 
30.Qh6+ Kg8 31.Qg7# 1-0

[Event "Macieja Memorial"]
[Site "Warsaw POL"]
[Date "2022.07.08"]
[Round "10.27"]
[White "Rudzinska, Michalina"]
[Black "Kokoszczynski, Jan"]
[Result "0-1"]
[WhiteElo "1905"]
[BlackElo "2160"]
[EventDate "????.??.??"]
[PlyCount "60"]

1.e4 c6 2.Nf3 d5 3.exd5 cxd5 4.Ne5 Nc6 5.d4 Nf6 6.Bb5 Bd7 7.Nxd7 Qxd7 8.c3 e6 
9.O-O h6 10.Nd2 Bd6 11.g3 O-O 12.f4 a6 13.Bd3 b5 14.a3 Rab8 15.Nf3 a5 16.Ne5 
Qc7 17.Be3 Rfc8 18.Qe2 b4 19.cxb4 axb4 20.a4 Qa5 21.b3 Ne7 22.Rfc1 Ne4 23.Bxe4 
dxe4 24.Bd2 Qd5 25.Qe3 Nf5 26.Qf2 Nxd4 27.Nd7 Nf3+ 28.Kg2 Nxd2 29.Nxb8 Rxc1 
30.Rxc1 e3+ 0-1

[Event "Macieja Memorial"]
[Site "Warsaw POL"]
[Date "2022.07.08"]
[Round "10.28"]
[White "Dworakowska, Joanna"]
[Black "Janeczko, Jakub"]
[Result "1-0"]
[WhiteElo "2122"]
[BlackElo "1877"]
[EventDate "????.??.??"]
[PlyCount "81"]

1.e4 g6 2.d4 Bg7 3.Nc3 c6 4.h3 d5 5.Nf3 Nf6 6.e5 Ne4 7.Bd3 Nxc3 8.bxc3 c5 
9.dxc5 Qa5 10.Bd2 Qxc5 11.O-O Nc6 12.Qe2 O-O 13.Rab1 a6 14.Rfe1 e6 15.Qd1 b5 
16.Qc1 Rd8 17.Bh6 Qxc3 18.Qg5 Qc5 19.Bxg7 Kxg7 20.Qf6+ Kg8 21.Qh4 Kg7 22.Ng5 h6 
23.Nf3 Qe7 24.Qf4 b4 25.Re3 a5 26.Bb5 Bd7 27.Bxc6 Bxc6 28.Nd4 Be8 29.Rf3 Qg5 
30.Qh2 Rac8 31.Rd1 Rc3 32.h4 Qg4 33.Rdd3 Rdc8 34.Rf4 Qh5 35.g4 Qxe5 36.Rxf7+ 
Kxf7 37.Qxe5 Rxd3 38.Qxe6+ Kf8 39.cxd3 Rc1+ 40.Kg2 Bf7 41.Qd6+ 1-0

[Event "Macieja Memorial"]
[Site "Warsaw POL"]
[Date "2022.07.08"]
[Round "10.29"]
[White "Krasenkova, Elena"]
[Black "Golecki, Jan"]
[Result "1-0"]
[WhiteElo "1832"]
[BlackElo "2109"]
[EventDate "????.??.??"]
[PlyCount "143"]

1.d4 Nf6 2.c4 e6 3.g3 d5 4.Bg2 Bb4+ 5.Nd2 c6 6.Nf3 O-O 7.Qc2 Ne4 8.a3 Bxd2+ 
9.Nxd2 f5 10.O-O Nd7 11.Nb3 Qe7 12.f3 Nd6 13.c5 Nf7 14.e4 Nf6 15.e5 Ne8 16.Bd2 
g5 17.Nc1 Nh8 18.Ne2 Ng6 19.b4 Bd7 20.a4 a6 21.Qc1 h6 22.Nc3 Ng7 23.Qb2 h5 
24.Qc1 f4 25.Rf2 Nf5 26.Ne2 Rf7 27.Bh3 Raf8 28.Qc2 Ne3 29.Qxg6+ Rg7 30.Qd3 g4 
31.Nxf4 Nc4 32.fxg4 hxg4 33.Bg2 Be8 34.Bc1 Rf5 35.b5 axb5 36.axb5 Qd7 37.bxc6 
bxc6 38.Ra6 Qb7 39.Ra1 Rh7 40.Nxe6 Rxf2 41.Kxf2 Qf7+ 42.Nf4 Rxh2 43.Qg6+ Qxg6 
44.Nxg6 Bxg6 45.Kg1 Rh7 46.Ra6 Be8 47.Ra8 Kf8 48.Bf4 Rb7 49.e6 Rb1+ 50.Kf2 Rb2+ 
51.Kg1 Rb1+ 52.Kh2 Re1 53.Bh6+ Ke7 54.Bg5+ Kf8 55.Bh6+ Ke7 56.Bf4 Rxe6 57.Bf1 
Ne3 58.Bd3 Bd7 59.Ra7 Nd1 60.Bf5 Re2+ 61.Kg1 Re1+ 62.Kg2 Re2+ 63.Kf1 Re4 
64.Rxd7+ Ke8 65.Rd6 Rxd4 66.Rxc6 Nc3 67.Bg5 Rd1+ 68.Kf2 Kf7 69.Rc7+ Ke8 70.c6 
d4 71.Re7+ Kf8 72.c7 1-0

[Event "Macieja Memorial"]
[Site "Warsaw POL"]
[Date "2022.07.08"]
[Round "10.30"]
[White "Adamski, Jan"]
[Black "Kaminski, Maciej"]
[Result "1/2-1/2"]
[WhiteElo "2088"]
[BlackElo "1840"]
[EventDate "????.??.??"]
[PlyCount "71"]

1.Nf3 g6 2.c4 Bg7 3.d4 d6 4.Nc3 Nf6 5.Bg5 O-O 6.e3 Nbd7 7.Qc2 c5 8.Rd1 cxd4 
9.Nxd4 a6 10.Be2 Qc7 11.O-O b6 12.Bf3 Bb7 13.Bxb7 Qxb7 14.Rc1 Rfc8 15.Qe2 Nc5 
16.Bxf6 Bxf6 17.Rfd1 Rab8 18.Nd5 Bg7 19.b3 b5 20.cxb5 axb5 21.Nb4 Ne6 22.Nxe6 
fxe6 23.Qf3 Qxf3 24.gxf3 Bb2 25.Rxc8+ Rxc8 26.Rd2 Rc1+ 27.Kg2 Bc3 28.Rc2 Rxc2 
29.Nxc2 Kf8 30.Kf1 Ke8 31.Ke2 Kd7 32.Kd3 Ba5 33.a4 bxa4 34.bxa4 e5 35.Ke4 Kc6 
36.Kd3 1/2-1/2

[Event "Macieja Memorial"]
[Site "Warsaw POL"]
[Date "2022.07.08"]
[Round "10.31"]
[White "Kazmierowski, Tymon"]
[Black "Reshetniak, Vitaliy"]
[Result "1/2-1/2"]
[WhiteElo "1749"]
[BlackElo "2053"]
[EventDate "????.??.??"]
[PlyCount "110"]

1.d4 Nf6 2.c4 e6 3.g3 Bb4+ 4.Nd2 c5 5.Nf3 cxd4 6.Nxd4 Nc6 7.Nxc6 dxc6 8.Bg2 e5 
9.O-O O-O 10.a3 Be7 11.b3 Re8 12.Bb2 Qc7 13.Qc2 Bg4 14.Nf3 Bf8 15.e3 g6 16.h3 
Bf5 17.Qe2 Rad8 18.Rfd1 Rxd1+ 19.Rxd1 Bg7 20.g4 Be4 21.Qd2 h6 22.Qd6 Qxd6 
23.Rxd6 Bxf3 24.Bxf3 Kf8 25.c5 Nh7 26.Rd7 Re7 27.Rd8+ Re8 28.Rxe8+ Kxe8 29.b4 
Kd7 30.Kf1 Ng5 31.Bg2 Ne6 32.Ke2 Nc7 33.f4 Ke6 34.e4 f5 35.gxf5+ gxf5 36.Kf3 
Bf6 37.fxe5 Bxe5 38.exf5+ Kxf5 39.Bxe5 Kxe5 40.Kg4 Kf6 41.Bf3 Nb5 42.a4 Nc3 
43.b5 cxb5 44.axb5 Nxb5 45.Bxb7 a5 46.Bc6 Nd4 47.Ba4 Ne6 48.c6 Nc7 49.Kh5 Kg7 
50.Bb3 Nb5 51.Ba4 Nc7 52.Bb3 Ne8 53.Ba4 Nc7 54.Bb3 Ne8 55.Ba4 Nc7 1/2-1/2

[Event "Macieja Memorial"]
[Site "Warsaw POL"]
[Date "2022.07.08"]
[Round "10.32"]
[White "Dovzhenko, Alexander"]
[Black "Kubiak, Jakub"]
[Result "0-1"]
[WhiteElo "2052"]
[BlackElo "1812"]
[EventDate "????.??.??"]
[PlyCount "80"]

1.e4 c5 2.b4 cxb4 3.a3 d5 4.exd5 Qxd5 5.Nf3 e6 6.c4 bxc3 7.Nxc3 Qa5 8.Bb2 Nf6 
9.Bb5+ Bd7 10.Qb3 Nc6 11.O-O Be7 12.d4 O-O 13.Rad1 a6 14.Bd3 Rad8 15.Rfe1 Bc8 
16.Bb1 h6 17.Ne2 b5 18.Ne5 Bb7 19.Ng3 Qb6 20.Nf3 Na5 21.Qd3 Nc4 22.Bc1 e5 
23.Qc3 exd4 24.Rxd4 Rxd4 25.Nxd4 Bc5 26.Nge2 Re8 27.Bb2 Nd5 28.Qc2 g6 29.a4 
Bxd4 30.Bxd4 Qxd4 31.axb5 axb5 32.h3 Qd2 33.Qb3 Qxe1+ 34.Kh2 Qxe2 35.Qxb5 Nd6 
36.Qa4 Qe5+ 37.g3 Nc3 38.Qb3 Nxb1 39.Qxb1 Qd5 40.Qg1 Re1 0-1

[Event "Macieja Memorial"]
[Site "Warsaw POL"]
[Date "2022.07.08"]
[Round "10.33"]
[White "Goraj, Barbara"]
[Black "Skrzypczynski, Kacper"]
[Result "1-0"]
[WhiteElo "2015"]
[BlackElo "1746"]
[EventDate "????.??.??"]
[PlyCount "96"]

1.e4 d6 2.d4 Nf6 3.Nc3 e5 4.Nf3 Nbd7 5.Bc4 Be7 6.O-O O-O 7.a4 c6 8.Re1 h6 9.h3 
Qc7 10.a5 Re8 11.d5 b5 12.Ba2 a6 13.dxc6 Qxc6 14.Nd5 Bb7 15.c3 Nxd5 16.Bxd5 Qc7 
17.Be3 Nf6 18.Bb6 Qd7 19.Qb3 Bd8 20.Bxd8 Raxd8 21.Bxb7 Qxb7 22.Nd2 d5 23.exd5 
Qxd5 24.Qxd5 Rxd5 25.Nf3 Kf8 26.Rad1 Rxd1 27.Rxd1 e4 28.Nd4 e3 29.fxe3 Rxe3 
30.Kf2 Re7 31.Nc6 Rd7 32.Rxd7 Nxd7 33.Ke3 Ke8 34.Kd4 f5 35.Kd5 g5 36.Kd6 h5 
37.Nb4 g4 38.Nxa6 gxh3 39.gxh3 f4 40.Nc7+ Kd8 41.Ne6+ Kc8 42.Nxf4 Nf6 43.Kc6 h4 
44.Ng6 Ne4 45.Nxh4 Nf2 46.Kxb5 Nxh3 47.a6 Kb8 48.Kc5 Ka7 1-0

[Event "Macieja Memorial"]
[Site "Warsaw POL"]
[Date "2022.07.08"]
[Round "10.34"]
[White "Lee, Hyo"]
[Black "Michalska, Aleksandra"]
[Result "1-0"]
[WhiteElo "2010"]
[BlackElo "1733"]
[EventDate "????.??.??"]
[PlyCount "71"]

1.e4 e5 2.Nf3 Nc6 3.Bc4 Bc5 4.c3 Nf6 5.d4 exd4 6.e5 d5 7.Bb5 Ne4 8.cxd4 Bb4+ 
9.Bd2 Bxd2+ 10.Nbxd2 O-O 11.O-O Bg4 12.Bxc6 Nxd2 13.Qxd2 Bxf3 14.Bxb7 Rb8 
15.Ba6 Bh5 16.Bd3 f5 17.Rac1 f4 18.f3 Rb6 19.Rc5 c6 20.Qc2 Qb8 21.Bxh7+ Kh8 
22.b3 Qb7 23.Bg6 Bxg6 24.Qxg6 Rb4 25.Rxc6 Rxd4 26.Re1 Qb4 27.Rcc1 Rd2 28.e6 
Qd4+ 29.Kh1 Rf6 30.Qxf6 gxf6 31.e7 Qf2 32.e8=Q+ Kh7 33.Re7+ Kh6 34.Qh8+ Kg5 
35.Qg7+ Kf5 36.Qg4# 1-0

[Event "Macieja Memorial"]
[Site "Warsaw POL"]
[Date "2022.07.08"]
[Round "10.35"]
[White "Siekanska, Maria"]
[Black "Raczek, Krzysztof"]
[Result "1-0"]
[WhiteElo "1702"]
[BlackElo "1951"]
[EventDate "????.??.??"]
[PlyCount "89"]

1.d4 Nf6 2.c4 g6 3.Nc3 Bg7 4.e4 d6 5.Nf3 O-O 6.Be2 Nbd7 7.O-O e5 8.Re1 Re8 
9.Bf1 c6 10.d5 c5 11.Bg5 h6 12.Bd2 Nh5 13.g3 Nhf6 14.a3 Kh7 15.b4 b6 16.Rb1 Ng8 
17.Qc2 Rf8 18.Kg2 f5 19.exf5 gxf5 20.Bd3 e4 21.Nxe4 fxe4 22.Bxe4+ Kh8 23.Nh4 
Ne7 24.Qc1 Rf6 25.Bc3 Ne5 26.f4 Ng4 27.h3 Qd7 28.hxg4 Qxg4 29.Bxf6 Bxf6 30.Nf3 
Bf5 31.Bxf5 Nxf5 32.Rb3 Qxg3+ 33.Kf1 Rg8 34.Qd2 Nd4 35.Nxd4 Qg1+ 36.Ke2 Rg2+ 
37.Kf3 Rxd2 38.Rxg1 Bxd4 39.Re1 Kg7 40.Rbb1 Rd3+ 41.Kg4 Rxa3 42.Re7+ Kf6 
43.Rbe1 Kg6 44.R1e6+ Bf6 45.f5# 1-0